000 00671nam a22001937a 4500
999 _c197389
_d197389
005 20230822162301.0
010 _aUR-12158
020 _a9788196013523
_c250.00
035 _aU-10713
037 _bDBAD/PUB
082 _a841
100 _aحولدار سلیم الدین عامر
245 _aذکر شیخ و شابّ /
_cحولدار سلیم الدین عامر
246 _aZikr-E-Shaikh-O-Shabb /
_bby Hawaldar Salimuddin Aamir
260 _aNew Delhi
_bEducational Publishing House
_c2022 ء
270 _aH.O. D1/16, Ansari Road, Darya Ganj
_bNew Delhi
_e110002
300 _a150 ص
_c23cm(pbk)
942 _2ddc
_cUR
_mح و ل
_e
_h841